Guess The City By The Picture - Extreme - Statistics

General Stats
  • This quiz has been taken 149 times
    137 since last reset
  • The average score is 36 of 50
Answer Stats
Picture Answer % Correct
New York
93%
London
91%
Moscow
91%
Paris
91%
Rome
91%
Sydney
91%
Amsterdam
89%
Rio de Janeiro
89%
Athens
86%
Barcelona
86%
Berlin
86%
Dubai
86%
Shanghai
84%
Toronto
84%
Istanbul
82%
Kuala Lumpur
82%
Tokyo
82%
Venice
82%
Bangkok
77%
Beijing
77%
Cairo
77%
Washington
77%
Buenos Aires
75%
Havana
75%
Madrid
75%
Mecca
75%
Singapore
75%
Cape Town
73%
Budapest
70%
Mexico City
70%
Stockholm
70%
Taipei
70%
Brasilia
68%
Prague
68%
Seoul
68%
Saint Petersburg
66%
Casablanca
64%
Doha
64%
Mumbai
61%
São Paulo
61%
Astana
57%
Santiago
57%
Tehran
55%
Miami
50%
Porto
50%
Montevideo
48%
Panama City (Panama)
43%
Guadalajara
39%
Tunis
39%
Odessa
36%
No matching quizzes found
Score Distribution
Percent of People with Each Score
Percentile by Number Answered
Your Score History
You have not taken this quiz since the last reset